00696nam a2200229Ia 4500008004100000020001600041100001800057245002100075245001800096260001500114260002000129260000900149300001700158300001100175500009800186650003000284650001300314650005200327650005600379650002200435700000900457160803s9999 xx 000 0 und d a0 439709768 aJarvis, Robin 4aThe woven path / cRobin Jarvis. aNew York : bScholastic Inc. c1995 a409 pages ;  c20 cm. a"This edition is only available for distribution through the school market"--Page 4 of cover. aFantasy fiction, English. aFantasy. aWyrd Museum (London, England : Imaginary place) aWyrd Museum (London, England : Imaginary place) --  xJuvenile fiction. a1030